02300nam a22002057a 4500008004100000020001800041050001300059100003100072245013800103260003200241300001800273500004100291504005600332505099100388520056301379650003501942650004301977700003702020700003702057210615b ||||| |||| 00| 0 spa d a978968248301114aR726bG31 aGarcía Colorado, Gabriel10aBioética y muerte: baspectos sociales y éticosc/ Gabriel García Colorado, Ma. de Lourdes Perusquia, Mariana García Ituarte.2 aMéxico: btrillas, c2008 a96 páginas. aIncluye índice analítico (93-96) aIncluye bibliografía al final de cada capítulo.0 aTanatología y enfermería: aspectos éticos, sociales y psicológicos La muerte en el México prehispánico Imágenes de la muerte en el México actual Tanatología Pérdidas en el ciclo vital del hombre Pérdidas en el ser humano El equipo de salud ante el paciente terminal Cáncer y tanatología Intervención tanatológica Cuidados de enfermería al enfermo terminal y en fase terminal hospitalizado Cuidados del aspecto psicológico El paciente terminal y las voluntades anticipadas Tratamiento paliativo y calidad de vida Voluntad anticipada Eutanasia Tratamiento integral Bioética y muerte digna Conceptos y definiciones Filosofía y objetivos básicos del cuidado paliativo según la Organización Mundial de la Salud (OMS) Postura ética de los cuidados paliativos Propuestas de iniciativa de ley para para incluir el derecho personalísimo a las voluntades anticipadas en Ley General de Salud Modelo orientativo de documento de voluntades anticipadas3 aSe aborda el estudio de la bioética y la tanatología como disciplinas relacionadas con el proceso de la muerte, cuyos fines se aúnan en la tarea de buscar paliativos para el dolor físico y emocional de pacientes terminales, por una parte, y por otra, mitigar e sufrimiento moral de sus familiares y amigos. Al personal médico, de enfermería y trabajo social que esta a cargo de enfermos en fase terminal, así como a los psicólogos, abogados y legisladores, este libro los guiará acerca de la postura ética que deben asumir en estos casos. 0aEUTANASIAxCUIDADOS PALIATIVOS 0aEUTANASIAxASPECTOS MORALES Y ÉTICOS1 aPerusquia, Ma. de Lourdeseautor1 aGarcía Ituarte, Marianaeautor